[Event "89_| Campeonato Brasileiro 2023"]
[Site "Recife"]
[Date "2023.12.14"]
[Round "3.4"]
[White "Quintiliano Pinto, Renato Rodrigues"]
[Black "Gauche, Charles"]
[Result "1-0"]
[WhiteElo "2489"]
[BlackElo "2142"]
[PlyCount "59"]
[EventDate "2023.??.??"]
[EventCountry "BRA"]
[TimeControl "90+30"]
[WhiteClock "0:16:43"]
[BlackClock "0:08:18"]

{[%evp 9,59,128,204,211,203,201,300,279,307,291,286,269,365,357,353,373,339,
345,354,342,362,223,232,223,282,285,284,271,271,260,249,195,215,178,321,340,
362,338,358,332,385,380,367,368,438,483,551,567,628,619,29994,29995]} 1. d4 {
[%emt 0:00:00]} d6 {[%emt 0:00:00]} 2. c4 {[%emt 0:00:00]} e5 {[%emt 0:00:00]}
3. Nf3 {[%emt 0:00:00]} f6 {[%emt 0:00:00]} 4. Nc3 {[%emt 0:00:00]} Bg4 $146 {
[%emt 0:00:00]} ({Predecessor:} 4... c6 5. d5 c5 6. e4 Bg4 7. Be2 g6 8. O-O Bh6
9. Qb3 b6 10. Ng5 Bxe2 11. Ne6 {1-0 (20) Bassenhoff,U-Werner,R freechess.de
2020}) 5. g3 {[%emt 0:00:00]} Bxf3 {[%eval 204,26] [%emt 0:00:00]} (5... c5 $16
{[%eval 128,26]}) 6. exf3 $18 {[%emt 0:00:00] A41:1 d4 d6: Tartakower System
and Modern Defence.} Nc6 {[%emt 0:00:00]} 7. d5 {[%emt 0:00:00]} Nb8 {[%eval
300,28] [%emt 0:00:00]} (7... Nd4 {[%eval 201,25] is a better defense.} 8. Be3
Nf5) 8. Bh3 {[%emt 0:00:00] White has a decisive advantage.} Nd7 {[%emt 0:00:
00]} 9. O-O {[%emt 0:00:00]} g6 {[%emt 0:00:00]} 10. f4 {[%emt 0:00:00]} f5 {
[%emt 0:00:00]} 11. fxe5 {[%emt 0:00:00]} Nxe5 {[%emt 0:00:00]} 12. f4 {
[%emt 0:00:00]} Nf7 {[%emt 0:00:00]} 13. Re1+ {[%emt 0:00:00]} Be7 {[%emt 0:00:
00]} 14. Nb5 {[%emt 0:00:00]} Qd7 {[%emt 0:00:00]} 15. Be3 {[%emt 0:00:00]} Nf6
{[%emt 0:00:00]} 16. Bxa7 {[%emt 0:00:00]} c6 {[%emt 0:00:00]} 17. Bd4 {
[%emt 0:00:00]} O-O {[%emt 0:00:00]} 18. dxc6 {[%emt 0:00:00]} bxc6 {[%emt 0:
00:00]} 19. Nc3 {[%emt 0:00:00][%cal Bb5c3,Bc3a4,Ba4b6][%mdl 32]} d5 {[%emt 0:
00:00]} 20. Na4 {[%emt 0:00:00]} Ra5 {[%emt 0:00:00]} 21. cxd5 {[%emt 0:00:00]}
c5 {[%eval 321,24] [%emt 0:00:00]} (21... cxd5 $142 {[%eval 178,26]} 22. Nb6
Qd6) 22. Nb6 {[%emt 0:00:00]} Qd8 {[%emt 0:00:00]} 23. Bc3 {[%emt 0:00:00]} Ra6
{[%emt 0:00:00]} 24. d6 {[%emt 0:00:00]} Bxd6 {[%emt 0:00:00]} 25. Nd5 {
[%emt 0:00:00]} Nxd5 {[%emt 0:00:21]} 26. Qxd5 {[%emt 0:00:00]} Qc7 {[%emt 0:
03:04]} 27. Bf1 {[%emt 0:00:00]} Ra7 {[%emt 0:01:30]} 28. Bc4 {[%emt 0:00:00]}
Qd7 {[%emt 0:01:46]} 29. Rad1 {[%emt 0:00:00]} Qc8 {[%emt 0:01:01]} 30. Qxd6 {
[%emt 0:00:00] Accuracy: White = 84%, Black = 38%.} 1-0

[Event "89_| Campeonato Brasileiro 2023"]
[Site "Recife"]
[Date "2023.12.14"]
[Round "3.5"]
[White "Lima, Stefan Moisei VIeir"]
[Black "Di Berardino, Diego Rafael"]
[Result "0-1"]
[WhiteElo "2155"]
[BlackElo "2477"]
[PlyCount "120"]
[EventDate "2023.??.??"]
[EventCountry "BRA"]
[TimeControl "90+30"]
[WhiteClock "0:03:48"]
[BlackClock "0:04:30"]

1. d4 {[%emt 0:00:00]} Nf6 {[%emt 0:00:00]} 2. c4 {[%emt 0:00:00]} e6 {[%emt 0:
00:00]} 3. Nf3 {[%emt 0:00:00]} Bb4+ {[%emt 0:00:00]} 4. Nbd2 {[%emt 0:00:00]}
O-O {[%emt 0:00:00]} 5. a3 {[%emt 0:00:00]} Be7 {[%emt 0:00:00]} 6. e4 {
[%emt 0:00:00]} d6 {[%emt 0:00:00]} 7. b3 {[%emt 0:00:00]} e5 {[%emt 0:00:00]}
8. Bb2 {[%emt 0:00:00]} Nfd7 {[%emt 0:00:00]} 9. Bd3 {[%emt 0:00:00]} exd4 {
[%emt 0:00:00]} 10. Nxd4 {[%emt 0:00:00]} Bf6 {[%emt 0:00:00]} 11. Rb1 {
[%emt 0:00:00]} c5 {[%emt 0:00:00]} 12. Ne2 {[%emt 0:00:00]} Bxb2 {[%emt 0:00:
00]} 13. Rxb2 {[%emt 0:00:00]} a6 {[%emt 0:00:00]} 14. Nc3 {[%emt 0:00:00]} Qf6
{[%emt 0:00:00]} 15. Qc1 {[%emt 0:00:00]} Ne5 {[%emt 0:00:00]} 16. Be2 {
[%emt 0:00:00]} Nbc6 {[%emt 0:00:00]} 17. Nd5 {[%emt 0:00:00]} Qh4 {[%emt 0:00:
00]} 18. O-O {[%emt 0:00:00]} Nd4 {[%emt 0:00:00]} 19. Qd1 {[%emt 0:00:00]} Be6
{[%emt 0:00:00]} 20. f4 {[%emt 0:00:00]} Nec6 {[%emt 0:10:36]} 21. Ne3 {
[%emt 0:00:00]} Rae8 {[%emt 0:00:00]} 22. g3 {[%emt 0:00:00]} Qh6 {[%emt 0:00:
00]} 23. Bg4 {[%emt 0:00:00]} Ne5 {[%emt 0:00:00]} 24. Bxe6 {[%emt 0:00:00]}
fxe6 {[%emt 0:00:00]} 25. Rb1 {[%emt 0:00:22]} Nec6 {[%emt 0:00:00]} 26. b4 {
[%emt 0:00:30]} Rf7 {[%emt 0:00:00]} 27. b5 {[%emt 0:00:30]} axb5 {[%emt 0:00:
00]} 28. cxb5 {[%emt 0:00:30]} Ne7 {[%emt 0:00:00]} 29. Ndc4 {[%emt 0:00:30]}
e5 {[%emt 0:04:21]} 30. f5 {[%emt 0:10:49]} d5 {[%emt 0:00:30]} 31. exd5 {
[%emt 0:00:30]} Nexf5 {[%emt 0:00:24]} 32. Nxf5 {[%emt 0:02:04]} Nxf5 {[%emt 0:
00:03]} 33. Qe2 {[%emt 0:01:21]} e4 {[%emt 0:00:31]} 34. Qg4 {[%emt 0:00:49]}
Ne3 {[%emt 0:01:13]} 35. Nxe3 {[%emt 0:00:02]} Qxe3+ {[%emt 0:00:04]} 36. Kh1 {
[%emt 0:00:02]} Qd3 {[%emt 0:00:39]} 37. Rfd1 {[%emt 0:00:44]} Qxa3 {[%emt 0:
00:30]} 38. d6 {[%emt 0:00:30]} Qf3+ {[%emt 0:00:30]} 39. Qxf3 {[%emt 0:00:30]}
exf3 {[%emt 0:00:30]} 40. b6 {[%emt 0:00:30]} Rd8 {[%emt 0:00:00]} 41. Rd5 {
[%emt 0:00:55]} Rf6 {[%emt 0:00:27]} 42. Rxc5 {[%emt 0:00:30]} Rfxd6 {[%emt 0:
01:00]} 43. Kg1 {[%emt 0:00:21]} Rd2 {[%emt 0:00:44]} 44. Rf5 {[%emt 0:00:55]}
Rg2+ {[%emt 0:00:29]} 45. Kh1 {[%emt 0:00:14]} Rdd2 {[%emt 0:00:20]} 46. Rxf3 {
[%emt 0:00:02]} Rxh2+ {[%emt 0:00:06]} 47. Kg1 {[%emt 0:00:31]} Rdg2+ {[%emt 0:
00:06]} 48. Kf1 {[%emt 0:00:30]} Rb2 {[%emt 0:00:12]} 49. Rxb2 {[%emt 0:01:16]}
Rxb2 {[%emt 0:00:05]} 50. Rc3 {[%emt 0:00:30]} Rxb6 {[%emt 0:00:04]} 51. Kf2 {
[%emt 0:00:05]} Kf7 {[%emt 0:00:58]} 52. Rc7+ {[%emt 0:00:08]} Kf6 {[%emt 0:00:
06]} 53. Kf3 {[%emt 0:00:05]} h5 {[%emt 0:00:25]} 54. Kf4 {[%emt 0:00:09]} Rb4+
{[%emt 0:00:23]} 55. Kf3 {[%emt 0:00:02]} b6 {[%emt 0:00:33]} 56. Ke3 {[%emt 0:
00:15]} g6 {[%emt 0:00:16]} 57. Kf3 {[%emt 0:00:07]} Kg5 {[%emt 0:00:17]} 58.
Rc6 {[%emt 0:00:26]} Rb3+ {[%emt 0:00:12]} 59. Kg2 {[%emt 0:00:16]} Kf5 {
[%emt 0:00:16]} 60. Kf2 {[%emt 0:00:12]} g5 {[%emt 0:00:10]} 0-1

[Event "89_| Campeonato Brasileiro 2023"]
[Site "Recife"]
[Date "2023.12.14"]
[Round "3.6"]
[White "Santiago, Yago De Moura"]
[Black "Ribeiro, Matheus Mendes Domi"]
[Result "1-0"]
[WhiteElo "2476"]
[BlackElo "2136"]
[PlyCount "99"]
[EventDate "2023.??.??"]
[EventCountry "BRA"]
[TimeControl "90+30"]
[WhiteClock "0:16:17"]
[BlackClock "0:01:38"]

1. d4 {[%emt 0:00:00]} d5 {[%emt 0:00:00]} 2. c4 {[%emt 0:00:00]} e6 {[%emt 0:
00:00]} 3. Nf3 {[%emt 0:00:00]} Nf6 {[%emt 0:00:00]} 4. Nc3 {[%emt 0:00:00]} c5
{[%emt 0:00:00]} 5. cxd5 {[%emt 0:00:00]} Nxd5 {[%emt 0:00:00]} 6. e4 {[%emt 0:
00:00]} Nxc3 {[%emt 0:00:00]} 7. bxc3 {[%emt 0:00:00]} cxd4 {[%emt 0:00:00]} 8.
cxd4 {[%emt 0:00:00]} Bb4+ {[%emt 0:00:00]} 9. Bd2 {[%emt 0:00:00]} Bxd2+ {
[%emt 0:00:00]} 10. Qxd2 {[%emt 0:00:00]} O-O {[%emt 0:00:00]} 11. Bc4 {
[%emt 0:00:00]} b6 {[%emt 0:00:00]} 12. O-O {[%emt 0:00:00]} Bb7 {[%emt 0:00:
00]} 13. d5 {[%emt 0:00:00]} exd5 {[%emt 0:00:00]} 14. exd5 {[%emt 0:00:00]}
Nd7 {[%emt 0:00:00]} 15. Rfe1 {[%emt 0:00:00]} Qf6 {[%emt 0:00:00]} 16. Rad1 {
[%emt 0:00:00]} Rac8 {[%emt 0:00:00]} 17. Re4 {[%emt 0:00:00]} Rfe8 {[%emt 0:
00:00]} 18. Rxe8+ {[%emt 0:00:00]} Rxe8 {[%emt 0:00:00]} 19. Bb5 {[%emt 0:00:
00]} Qd6 {[%emt 0:00:00]} 20. h4 {[%emt 0:00:00]} h6 {[%emt 0:00:00]} 21. Qc2 {
[%emt 0:00:00]} a6 {[%emt 0:00:00]} 22. Bc6 {[%emt 0:00:00]} Rc8 {[%emt 0:00:
00]} 23. Nd4 {[%emt 0:00:00]} Ne5 {[%emt 0:00:00]} 24. Nf5 {[%emt 0:00:00]} Qf6
{[%emt 0:00:00]} 25. Qe4 {[%emt 0:00:00]} Bxc6 {[%emt 0:00:00]} 26. dxc6 {
[%emt 0:00:00]} g6 {[%emt 0:00:06]} 27. Ne3 {[%emt 0:00:00]} Nxc6 {[%emt 0:02:
20]} 28. Nd5 {[%emt 0:00:00]} Qe6 {[%emt 0:01:36]} 29. Qxe6 {[%emt 0:00:00]}
fxe6 {[%emt 0:00:04]} 30. Nxb6 {[%emt 0:00:00]} Rb8 {[%emt 0:01:03]} 31. Nd7 {
[%emt 0:00:00]} Rb4 {[%emt 0:06:39]} 32. Rd6 {[%emt 0:00:00]} Rc4 {[%emt 0:01:
06]} 33. Rxe6 {[%emt 0:00:00]} Kg7 {[%emt 0:00:45]} 34. g3 {[%emt 0:00:29]} a5
{[%emt 0:00:11]} 35. a4 {[%emt 0:02:30]} Rd4 {[%emt 0:01:29]} 36. Rxc6 {
[%emt 0:01:36]} Rxd7 {[%emt 0:00:01]} 37. Rc5 {[%emt 0:00:10]} Ra7 {[%emt 0:00:
09]} 38. Kf1 {[%emt 0:00:21]} h5 {[%emt 0:00:46]} 39. Ke2 {[%emt 0:00:27]} Ra6
{[%emt 0:00:39]} 40. Kd3 {[%emt 0:01:01]} Kf6 {[%emt 0:03:21]} 41. Kc4 {
[%emt 0:00:42]} Ra8 {[%emt 0:00:20]} 42. Kb5 {[%emt 0:00:18]} Ke6 {[%emt 0:00:
39]} 43. Rg5 {[%emt 0:00:23]} Kf6 {[%emt 0:00:06]} 44. Kb6 {[%emt 0:00:12]}
Rb8+ {[%emt 0:01:39]} 45. Kxa5 {[%emt 0:00:12]} Rb2 {[%emt 0:00:03]} 46. f4 {
[%emt 0:00:24]} Rb3 {[%emt 0:00:30]} 47. Ka6 {[%emt 0:00:08]} Rb2 {[%emt 0:00:
21]} 48. Rb5 {[%emt 0:00:57]} Ra2 {[%emt 0:00:28]} 49. a5 {[%emt 0:00:08]} Ra3
{[%emt 0:00:01]} 50. Kb7 {[%emt 0:00:15]} 1-0

[Event "89_| Campeonato Brasileiro 2023"]
[Site "Recife"]
[Date "2023.12.14"]
[Round "3.7"]
[White "Fiaes, Mario Henrique"]
[Black "Matsuura, Everaldo"]
[Result "1-0"]
[WhiteElo "2123"]
[BlackElo "2418"]
[PlyCount "73"]
[EventDate "2023.??.??"]
[EventCountry "BRA"]
[TimeControl "90+30"]
[WhiteClock "0:27:02"]
[BlackClock "0:04:45"]

{[%evp 24,73,0,0,0,0,0,0,0,0,4,0,16,0,10,-8,0,-35,-26,-33,-26,-23,-19,-22,-17,
-47,-10,-10,-13,-218,-157,-124,-99,-146,-55,-49,0,0,0,0,0,0,0,0,0,0,0,0,3,0,7,
-720]} 1. d4 {[%emt 0:00:00]} d5 {[%emt 0:00:00]} 2. c4 {[%emt 0:00:00]} e6 {
[%emt 0:00:00]} 3. Nf3 {[%emt 0:00:00]} Nf6 {[%emt 0:00:00]} 4. Nc3 {[%emt 0:
00:00]} c6 {[%emt 0:00:00]} 5. cxd5 {[%emt 0:00:00]} exd5 {[%emt 0:00:00]} 6.
Bg5 {[%emt 0:00:00]} Be7 {[%emt 0:00:00]} 7. Qc2 {[%emt 0:00:00]} g6 {[%emt 0:
00:00]} 8. e3 {[%emt 0:00:00]} Bf5 {[%emt 0:00:00]} 9. Bd3 {[%emt 0:00:00]}
Bxd3 {[%emt 0:00:00]} 10. Qxd3 {[%emt 0:00:00]} Nbd7 {[%emt 0:00:00]} 11. O-O {
[%emt 0:00:00]} O-O {[%emt 0:00:00]} 12. Rab1 {[%emt 0:00:00]} a5 {[%emt 0:00:
00]} 13. Qc2 {[%emt 0:00:00]} Re8 {[%emt 0:00:00] D36: Queen's Gambit Declined:
Exchange Variation: Main line (5 Bg5 c6 6 Qc2).} 14. h3 {[%emt 0:00:00]} Ne4 {
[%emt 0:00:00]} 15. Bxe7 {[%emt 0:00:00]} Qxe7 {[%emt 0:00:00]} 16. Nxe4 {
[%emt 0:00:00]} dxe4 {[%emt 0:00:00]} 17. Nd2 {[%emt 0:00:00]} Nf6 {[%emt 0:00:
00]} 18. Rfc1 {[%emt 0:00:00]} Nd5 {[%emt 0:00:00]} 19. Qc5 $146 {[%emt 0:00:
00]} ({Predecessor:} 19. a3 Kg7 20. Qc5 Qxc5 21. Rxc5 f5 22. g3 Re7 23. b3 Rc7
24. Rbc1 Rd7 25. Nc4 {1/2-1/2 (58) Penalver,O (2108)-Friesen,B Copenhagen 2005}
) 19... Qh4 {[%emt 0:00:00]} 20. a3 {[%emt 0:00:00]} Re6 {[%emt 0:00:00]} 21.
Qc2 {[%emt 0:00:00]} g5 {[%emt 0:00:00]} 22. Qd1 {[%emt 0:00:00]} f5 {[%emt 0:
00:00]} 23. Nc4 {[%emt 0:00:00]} g4 {[%emt 0:00:00]} 24. Qf1 {[%emt 0:00:00]}
Qg5 {[%emt 0:00:00]} 25. g3 $1 {[%emt 0:00:00]} gxh3 $1 {[%emt 0:00:00]} 26.
Qxh3 $2 {[%eval -218,25] [%emt 0:00:00] [#]} (26. Ne5 $1 $11 {[%eval -13,28]
and White stays safe.}) 26... Rh6 {[%emt 0:00:00]} 27. Qg2 {[%emt 0:00:00]} Re8
{[%emt 0:00:00]} 28. Re1 {[%emt 0:00:00]} Nf6 {[%eval -55,26] [%emt 0:00:00]} (
{Black should play} 28... Qh5 $17 {[%eval -146,29] ...f4! is the strong threat.
} 29. Ne5 Kh8) 29. Ne5 $15 {[%emt 0:00:00]} (29. Nxa5 $2 Ng4 $19) 29... Rxe5 {
[%emt 0:00:00]} 30. dxe5 {[%emt 0:00:00] The position is equal.} Ng4 {[%emt 0:
00:00]} 31. f4 $1 {[%emt 0:00:00][%cal Rf4g5]} exf3 {[%emt 0:07:18]} 32. Qxf3 {
[%emt 0:00:00]} Nxe5 {[%emt 0:00:30]} 33. Qg2 $1 {[%emt 0:00:00]} Ng4 {[%emt 0:
02:11]} 34. Qf3 {[%emt 0:00:00]} Nh2 {[%emt 0:03:46]} 35. Qg2 {[%emt 0:00:00]}
({But not} 35. Qf4 Qxf4 36. gxf4 Nf3+ 37. Kg2 Nxe1+ 38. Rxe1 Rd6 $17) 35... Ng4
{[%emt 0:00:30]} 36. Re2 {[%emt 0:00:00]} Rh2 {[%emt 0:00:30]} 37. Ree1 $2 {
[%eval -720,25] [%emt 0:00:00][%mdl 40960] Accuracy: White = 77%, Black = 73%.
. Loss on time!?} (37. Qf3 $11 {[%eval 7,30]} Ne5 38. Qf1) 1-0

[Event "89_| Campeonato Brasileiro 2023"]
[Site "Recife"]
[Date "2023.12.14"]
[Round "3.8"]
[White "Molina, Roberto Junio Brito"]
[Black "Bouwman, Marcelo Wanderley"]
[Result "1-0"]
[WhiteElo "2381"]
[BlackElo "2116"]
[PlyCount "46"]
[EventDate "2023.??.??"]
[EventCountry "BRA"]
[TimeControl "90+30"]
[WhiteClock "0:49:01"]
[BlackClock "0:12:46"]

1. d4 {[%emt 0:00:00]} Nf6 {[%emt 0:00:00]} 2. c4 {[%emt 0:00:00]} g6 {[%emt 0:
00:00]} 3. Nf3 {[%emt 0:00:00]} Bg7 {[%emt 0:00:00]} 4. g3 {[%emt 0:00:00]} O-O
{[%emt 0:00:00]} 5. Bg2 {[%emt 0:00:00]} d6 {[%emt 0:00:00]} 6. O-O {[%emt 0:
00:00]} Nbd7 {[%emt 0:00:00]} 7. Nc3 {[%emt 0:00:00]} e5 {[%emt 0:00:00]} 8.
dxe5 {[%emt 0:00:00]} Nxe5 {[%emt 0:00:00]} 9. Qb3 {[%emt 0:00:00]} Ned7 {
[%emt 0:00:00]} 10. Be3 {[%emt 0:00:00]} Ng4 {[%emt 0:00:00]} 11. Bd4 {[%emt 0:
00:00]} Bxd4 {[%emt 0:00:00]} 12. Nxd4 {[%emt 0:00:00]} Nc5 {[%emt 0:00:00]}
13. Qc2 {[%emt 0:00:00]} a5 {[%emt 0:00:00]} 14. Rad1 {[%emt 0:00:00]} Kg7 {
[%emt 0:00:00]} 15. b3 {[%emt 0:00:00]} h5 {[%emt 0:00:00]} 16. h4 {[%emt 0:00:
00]} Re8 {[%emt 0:00:00]} 17. e4 {[%emt 0:00:00]} c6 {[%emt 0:00:00]} 18. Qd2 {
[%emt 0:00:00]} Qe7 {[%emt 0:00:00]} 19. Nc2 {[%emt 0:00:00]} Rd8 {[%emt 0:00:
00]} 20. f3 {[%emt 0:00:00]} Nh6 {[%emt 0:00:00]} 21. Rfe1 {[%emt 0:00:00]} f6
{[%emt 0:00:00]} 22. Qd4 {[%emt 0:00:00]} Bd7 {[%emt 0:00:00]} 23. Re3 {
[%emt 0:00:00]} Be8 {[%emt 0:00:14]} 1-0